书目信息 |
| 题名: |
走出白宫的人
|
|
| 作者: | 张昱琨 著 | |
| 分册: | ||
| 出版信息: | 哈尔滨 黑龙江人民出版社 1999.01 |
|
| 页数: | 382页 | |
| 开本: | 32开 | |
| 丛书名: | ||
| 单 册: | ||
| 中图分类: | K837.120.5 | |
| 科图分类: | ||
| 主题词: | 历史 , 地理 | |
| 电子资源: | ||
| ISBN: | 7-207-04242-6 | |
| 000 | 00566nam0 2200205 45 | |
| 001 | 0103201136 | |
| 005 | 20010320110800.9 | |
| 010 | @a7-207-04242-6@d17.50元 | |
| 100 | @a20010320d1999 km y0chiy0120 ea | |
| 101 | 0 | @achi |
| 105 | @a z 000yy | |
| 200 | 1 | @a走出白宫的人@AZou Chu Bai Gong De Ren@f张昱琨著@FZhang Yu Kun Zhu |
| 210 | @a哈尔滨@c黑龙江人民出版社@d1999.01 | |
| 215 | @a382页@d32开 | |
| 606 | 0 | @a历史 |
| 606 | 0 | @a地理 |
| 690 | @aK837.120.5@v3 | |
| 701 | 0 | @a张昱琨@4著 |
| 801 | @aCN@bPftUser@c20010320 | |
| 905 | @b330761-762@dK837.120.5@eZH413@f2 | |
| 走出白宫的人/张昱琨著.-哈尔滨:黑龙江人民出版社,1999.01 |
| 382页;32开 |
| ISBN 7-207-04242-6:17.50元 |
| ● |
| 相关链接 |
|
|
|
正题名:走出白宫的人
索取号:K837.120.5/ZH413
 
预约/预借
| 序号 | 登录号 | 条形码 | 馆藏地/架位号 | 状态 | 备注 |
| 1 | 330761 | 203307616 | 社科库309/309社科库 3排1列4层/ [索取号:K837.120.5/ZH413] | 在馆 | |
| 2 | 330762 | 203307625 | 社科库309/309社科库 3排1列4层/ [索取号:K837.120.5/ZH413] | 在馆 |